| 000 -LEADER |
| fixed length control field |
01399nam a22001817a 4500 |
| 005 - DATE AND TIME OF LATEST TRANSACTION |
| control field |
20210419171150.0 |
| 008 - FIXED-LENGTH DATA ELEMENTS--GENERAL INFORMATION |
| fixed length control field |
210419c2020 ge ||||| |||| 00| 0 geo d |
| 022 ## - INTERNATIONAL STANDARD SERIAL NUMBER |
| International Standard Serial Number |
1512-0880 |
| 041 ## - LANGUAGE CODE |
| Language code of text/sound track or separate title |
geo |
| 245 ## - TITLE STATEMENT |
| Title |
საქართველოს ბიბლიოთეკა : |
| Remainder of title |
2019 : სამეცნიერო-პოპულარული და მეთოდური ჟურნალი / |
| Statement of responsibility, etc. |
მთ. რედ.: ალექსანდრე ლორია ; საქართველოს პარლამენტის ეროვნული ბიბლიოთეკა ; საქართველოს საბიბლიოთეკო ასოციაცია. |
| 260 ## - PUBLICATION, DISTRIBUTION, ETC. |
| Place of publication, distribution, etc. |
თბილისი : |
| Name of publisher, distributor, etc. |
საქართველოს პარლამენტის ეროვნული ბიბლიოთეკა, |
| Date of publication, distribution, etc. |
2000 - |
| 300 ## - PHYSICAL DESCRIPTION |
| Extent |
v. |
| 653 ## - INDEX TERM--UNCONTROLLED |
| Uncontrolled term |
ბიბლიოთეკათმცოდნეობა |
| 653 ## - INDEX TERM--UNCONTROLLED |
| Uncontrolled term |
პერიოდიკა |
| 700 ## - ADDED ENTRY--PERSONAL NAME |
| Personal name |
ლორია, ალექსანდრე |
| Relator term |
მთავარი რედაქტორი |
| 9 (RLIN) |
11444 |
| 710 ## - ADDED ENTRY--CORPORATE NAME |
| Corporate name or jurisdiction name as entry element |
საქართველოს პარლამენტის ეროვნული ბიბლიოთეკა |
| Subordinate unit |
საქართველოს საბიბლიოთეკო ასოციაცია |
| 9 (RLIN) |
11445 |
| 942 ## - ADDED ENTRY ELEMENTS (KOHA) |
| Source of classification or shelving scheme |
|
| Koha item type |
პერიოდიკა |